000 00846nam a22002057a 4500
999 _c6689
_d6689
003 OSt
005 20200515163341.0
008 200515b2006 ck fr||||o00| 0 spa d
040 _aCO-JMCR
_cCO-JMCR
041 0 _aspa
082 0 4 _a328.37 /
_bC718l1
_223
110 1 _aColombia.
_bSenado de la República
_94415
245 1 0 _aLabor legislativa :
_bel congreso de la República de cara al país /
_cSenado de la República
250 _aQuinta edición
260 _aBogotá :
_bSenado de la República,
_c2006
300 _a333 páginas ;
_c28 cm.
505 0 _aProyectos de Ley radicados y tramitados -- Proyectos de actos legislativos radicados y tramitados -- Control político -- Leyes sancionadas del 20 de julio de 2005 al 20 de junio de 2006
650 1 4 _aSenado de la República
_xproyectos, leyes
_zColombia
_94418
942 _2ddc
_cBK